Informačné systémy v manažmente marketingu maximálna starostlivosť o zákazníkov

Manažérske marketingové informačné systémy (MMIS). Prínosy MMIS. Funkcie programov MMIS. Prípadová štúdia na konkrétne využitie MMIS v praxi.

Salvato in:
Dettagli Bibliografici
Autore principale: Bartl, Jaroslav
Natura: Capitolo di libro
Lingua:slovacco
Soggetti:
Tags: Aggiungi Tag
Nessun Tag, puoi essere il primo ad aggiungerne!!

MARC

LEADER 00000naa a2200000 4500
001 r043721
005 20230927065520.7
041 0 |a slo 
044 |a SK 
245 1 0 |a Informačné systémy v manažmente marketingu  |b maximálna starostlivosť o zákazníkov  |c Jaroslav Bartl 
520 |a Manažérske marketingové informačné systémy (MMIS). Prínosy MMIS. Funkcie programov MMIS. Prípadová štúdia na konkrétne využitie MMIS v praxi. 
610 2 0 |a systémy informačné 
610 2 0 |a MMIS 
610 2 0 |a marketing manažment 
610 2 0 |a programy 
610 2 0 |a produkty 
610 2 0 |a obchod 
610 2 0 |a trh 
610 2 0 |a komunikácia marketingová 
610 2 0 |a štúdie prípadové 
100 1 |a Bartl, Jaroslav